Líricos griegos arcaicos
Saved in:
| Main Author: | |
|---|---|
| Format: | Book |
| Language: | Spanish |
| Published: |
Barcelona
Seix Barral
1968
|
| Edition: | 1a. ed |
| Series: | Biblioteca Breve, 273
|
| Subjects: | |
| Tags: |
Add Tag
No Tags, Be the first to tag this record!
|
MARC
| LEADER | 00000cam a2200000 a 4500 | ||
|---|---|---|---|
| 001 | UCD7812 | ||
| 003 | CL-VaPUC | ||
| 008 | 170407e19680000sp |||||||||||||||||spa|d | ||
| 082 | 0 | 4 | |a 881 |b FER |2 21 |
| 100 | 0 | |a Ferraté, Juan |e author |9 591765 | |
| 245 | 1 | 0 | |a Líricos griegos arcaicos |
| 250 | |a 1a. ed | ||
| 300 | |a 360 p | ||
| 942 | |c BK | ||
| 945 | |d 20170407 16:56:00 |a arojas | ||
| 260 | |a Barcelona |b Seix Barral |c 1968 | ||
| 650 | 0 | |a Poesía griega |9 265627 | |
| 650 | 7 | |a POESIA ANTIGUA |2 CL-VaPUC |9 362644 | |
| 583 | |a last modification |c 20170407 16:56:00 |k Rodrigo Vera | ||
| 490 | 0 | |a Biblioteca Breve, 273 | |
| 999 | |c 367715 |d 367713 | ||
| 952 | |0 0 |1 0 |3 erb |4 0 |6 881_000000000000000_FER_1968 |7 0 |8 A |9 482734 |a BIBART |b BIBART |i 5386047 |o 881 FER 1968 |p 5386047 |r 2025-03-13 |w 2019-11-24 |y BK |z Catalogado en:20170407 |k ART | ||